Statistické metody a data o nezaměstnanosti

Saved in:
Bibliographic Details
Main Author Hrach, Karel, 1968- (Author)
Corporate Author Univerzita J.E. Purkyně v Ústí nad Labem
Format Book
LanguageCzech
Published Ústí nad Labem : Univerzita J.E. Purkyně, 2005
EditionVyd. 1.
SeriesActa Universitatis Purkynianae. Studia statistica
Subjects
ISBN8070447540
Physical Description42 s. : il. ; 21 cm

Cover

LEADER 00000cam a2200000 a 4500
001 36714
003 CZ-ZlUTB
005 20190826000803.0
007 ta
008 060721s2005 xr a f 000 0 cze
020 |a 8070447540  |q (brož.) 
040 |a OLA001  |b cze  |d ABA001  |d ZLD002 
043 |a e-xr---  |b e-xr-us  |b e-xr-li  |2 czenas 
045 |a y0y0 
072 7 |a 519.1/.8  |x Kombinatorika. Teorie grafů. Matematická statistika. Operační výzkum. Matematické modelování  |2 Konspekt  |9 13 
080 |a 331.56  |2 MRF 
080 |a 519.23  |2 MRF 
080 |a 519.23/.24  |2 MRF 
080 |a 311.1/.2  |2 MRF 
080 |a (437.315)  |2 MRF 
080 |a (437.316)  |2 MRF 
080 |a (078.7)  |2 MRF 
100 1 |a Hrach, Karel,  |d 1968-  |7 jo2003190654  |4 aut 
245 1 0 |a Statistické metody a data o nezaměstnanosti /  |c Karel Hrach 
250 |a Vyd. 1. 
260 |a Ústí nad Labem :  |b Univerzita J.E. Purkyně,  |c 2005 
300 |a 42 s. :  |b il. ;  |c 21 cm 
490 1 |a Acta Universitatis Purkynianae ;  |v 119.  |a Studia statistica 
500 |a Nad názvem uvedeno: Univerzita Jana Evangelisty Purkyně v Ústí nad Labem 
500 |a 100 výt. 
504 |a Obsahuje bibliografii 
655 7 |a případové studie  |7 fd133208  |2 czenas 
655 9 |a case studies  |2 eczenas 
650 0 7 |a statistická analýza  |7 ph126062  |2 czenas 
650 0 7 |a statistické metody  |7 ph135431  |2 czenas 
650 0 7 |a nezaměstnanost  |7 ph123284  |z Česko  |y 2001  |2 czenas 
650 0 9 |a statistical analysis  |2 eczenas 
650 0 9 |a statistical methods  |2 eczenas 
650 0 9 |a unemployment  |z Czechia  |y 2001  |2 eczenas 
651 7 |a Ústecký kraj (Česko : 2000-)  |7 ge131765  |2 czenas 
651 7 |a Liberecký kraj (Česko : 2000-)  |7 ge135865  |2 czenas 
651 9 |a Ústecký kraj (Czechia)  |2 eczenas 
651 9 |a Liberecký kraj (Czechia)  |2 eczenas 
710 2 |a Univerzita J.E. Purkyně v Ústí nad Labem  |7 kn20010709114 
830 0 |a Acta Universitatis Purkynianae.  |p Studia statistica  |0 s 
910 |a ZLD002 
952 |0 0  |1 0  |4 0  |6 519HRACHK  |7 0  |8 BOOK  |9 82329  |a UTBZL  |b UTBZL  |c 005  |d 2008-04-21  |l 0  |o 519/HRACH,K.  |p 420010106076  |r 2019-08-26 00:00:00  |v 80.00  |w 2019-08-26  |x N:dar | 20100831  |y 01 
992 |a BK  |b SK 
999 |c 36714  |d 36714